| 000 -LEADER |
| fixed length control field |
02606cam a22003617a 4500 |
| 001 - CONTROL NUMBER |
| control field |
13547621 |
| 003 - CONTROL NUMBER IDENTIFIER |
| control field |
NUST |
| 005 - DATE AND TIME OF LATEST TRANSACTION |
| control field |
20180117090030.0 |
| 008 - FIXED-LENGTH DATA ELEMENTS--GENERAL INFORMATION |
| fixed length control field |
040405s2005 caua e 000 0 eng d |
| 010 ## - LIBRARY OF CONGRESS CONTROL NUMBER |
| LC control number |
2004105109 |
| 020 ## - INTERNATIONAL STANDARD BOOK NUMBER |
| International Standard Book Number |
0534637248 |
| 035 ## - SYSTEM CONTROL NUMBER |
| System control number |
(OCoLC)ocm57229134 |
| 040 ## - CATALOGING SOURCE |
| Original cataloging agency |
OTU |
| Transcribing agency |
OTU |
| Modifying agency |
UAB |
| -- |
OCLCQ |
| -- |
BAKER |
| -- |
DLC |
| 042 ## - AUTHENTICATION CODE |
| Authentication code |
lccopycat |
| 043 ## - GEOGRAPHIC AREA CODE |
| Geographic area code |
n-us--- |
| 050 00 - LIBRARY OF CONGRESS CALL NUMBER |
| Classification number |
LB1027.5 |
| Item number |
.B743 2005 |
| 082 ## - DEWEY DECIMAL CLASSIFICATION NUMBER |
| Classification number |
371.40973 |
| 100 1# - MAIN ENTRY--PERSONAL NAME |
| Personal name |
Brown, Duane. |
| 9 (RLIN) |
4075 |
| 245 10 - TITLE STATEMENT |
| Title |
Designing and leading comprehensive school counseling programs : |
| Remainder of title |
promoting student competence and meeting student needs / |
| Statement of responsibility, etc. |
Duane Brown, Jerry Trusty. |
| 260 ## - PUBLICATION, DISTRIBUTION, ETC. |
| Place of publication, distribution, etc. |
Belmont, CA : |
| Name of publisher, distributor, etc. |
Thomson Brooks/Cole, |
| Date of publication, distribution, etc. |
2005. |
| 300 ## - PHYSICAL DESCRIPTION |
| Extent |
xix, 482 : |
| Other physical details |
ill. ; |
| Dimensions |
25 cm. |
| 505 0# - FORMATTED CONTENTS NOTE |
| Formatted contents note |
Introduction to the design and leadership of comprehensive school counseling programs -- Context of comprehensive school counseling programs: Education today; Multicultural school counseling -- Leadership and management of comprehensive school counseling programs: Models for comprehensive school counseling programs; Organizing comprehensive school counseling programs; Factors influencing school counselors' roles and internal relationships; Evaluation, accountability, and data-driven programs; Leadership in comprehensive school counseling programs; Management and leadership skills of effective program leaders; Advocacy competencies and the advocacy process -- Components of comprehensive school counseling programs: Responsive services; Educational and career planning; Guidance curriculum -- Technology and the future of school counseling programs: Using technology to strengthen school counseling programs; Future of comprehensive school counseling programs and the profession. |
| 650 #0 - SUBJECT ADDED ENTRY--TOPICAL TERM |
| Topical term or geographic name entry element |
Educational counseling |
| Geographic subdivision |
United States. |
| 9 (RLIN) |
4029 |
| 650 #0 - SUBJECT ADDED ENTRY--TOPICAL TERM |
| Topical term or geographic name entry element |
Student counselors |
| Geographic subdivision |
United States. |
| 9 (RLIN) |
4427 |
| 700 1# - ADDED ENTRY--PERSONAL NAME |
| Personal name |
Trusty, Jerry. |
| 9 (RLIN) |
4428 |
| 856 42 - ELECTRONIC LOCATION AND ACCESS |
| Materials specified |
Contributor biographical information |
| Uniform Resource Identifier |
<a href="http://www.loc.gov/catdir/enhancements/fy1103/2004105109-b.html">http://www.loc.gov/catdir/enhancements/fy1103/2004105109-b.html</a> |
| 856 42 - ELECTRONIC LOCATION AND ACCESS |
| Materials specified |
Publisher description |
| Uniform Resource Identifier |
<a href="http://www.loc.gov/catdir/enhancements/fy1103/2004105109-d.html">http://www.loc.gov/catdir/enhancements/fy1103/2004105109-d.html</a> |
| 856 41 - ELECTRONIC LOCATION AND ACCESS |
| Materials specified |
Table of contents only |
| Uniform Resource Identifier |
<a href="http://www.loc.gov/catdir/enhancements/fy1103/2004105109-t.html">http://www.loc.gov/catdir/enhancements/fy1103/2004105109-t.html</a> |
| 906 ## - LOCAL DATA ELEMENT F, LDF (RLIN) |
| a |
7 |
| b |
cbc |
| c |
copycat |
| d |
2 |
| e |
epcn |
| f |
20 |
| g |
y-gencatlg |
| 942 ## - ADDED ENTRY ELEMENTS (KOHA) |
| Source of classification or shelving scheme |
|
| Koha item type |
Book |